Central Library OPAC University of Rajshahi

রণাঙ্গন : (Record no. 76326)

MARC details
000 -LEADER
fixed length control field 00972nam a22002297a 4500
001 - CONTROL NUMBER
control field 76326
003 - CONTROL NUMBER IDENTIFIER
rucl marc code BD-RjUL
005 - DATE AND TIME OF LATEST TRANSACTION
control field 20211209082827.0
008 - FIXED-LENGTH DATA ELEMENTS--GENERAL INFORMATION
fixed length control field 191124s2014 bg ||||| |||| 00| 0 ben d
020 ## - INTERNATIONAL STANDARD BOOK NUMBER
International Standard Book Number 9847000800275
035 ## - SYSTEM CONTROL NUMBER
System control number (BD-RjUL)76547
040 ## - CATALOGING SOURCE
Original cataloging agency BD-RjUL
Language of cataloging ben
Transcribing agency BD-RjUL
041 ## - LANGUAGE CODE
Language code of text/sound track or separate title ben
082 ## - DEWEY DECIMAL CLASSIFICATION NUMBER
Edition number 23
Classification number 954.9205
Author mark and year CHR 2014
100 ## - MAIN ENTRY--PERSONAL NAME
Personal name চৌধুরী, গিয়াস উদ্দিন আ.
9 (RLIN) 235431
245 ## - TITLE STATEMENT
Title রণাঙ্গন :
Remainder of title রাজশাহী-বগুড়া /
Statement of responsibility, etc. গিয়াস উদ্দিন আ.চৌধুরী
260 ## - PUBLICATION, DISTRIBUTION, ETC. (IMPRINT)
Place of publication, distribution, etc. ঢাকা :
Name of publisher, distributor, etc. সেন্টার ফর বাংলাদেশ লিবারেশন ওয়ার স্টাডিজ,
Date of publication, distribution, etc. ২০১৪
300 ## - PHYSICAL DESCRIPTION
Pagination ১৩৯ পৃ.;
Size ২৩ সেমি.
650 ## - SUBJECT ADDED ENTRY--TOPICAL TERM
Topical term or geographic name as entry element বাংলাদেশ
General subdivision মুক্তিযুদ্ধ
Chronological subdivision ১৯৭১
9 (RLIN) 235432
Topical term or geographic name as entry element Bangladesh
General subdivision Liberation War
Chronological subdivision 1971
9 (RLIN) 235433
942 ## - ADDED ENTRY ELEMENTS (KOHA)
Source of classification or shelving scheme Dewey Decimal Classification
Koha item type Books
Holdings
Lost status Source of classification or shelving scheme Damaged status Not for loan Collection code Permanent Location Current Location Shelving location Date acquired Source of acquisition Cost, normal purchase price Total Checkouts Full call number Date last seen Copy number Koha item type
  Dewey Decimal Classification   Not For Loan Non-fiction Central Library, University of Rajshahi Central Library, University of Rajshahi Reading Room 24/09/2019 Biddasagar, Rajshahi 350.00   B 954.9205 CHR 2014 24/11/2019 C-1 Books